| 000 | 00534nam a2200181Ia 4500 | ||
|---|---|---|---|
| 003 | GCL | ||
| 008 | 140319s9999 xx 000 0 ara d | ||
| 020 | _a854001977 | ||
| 040 |
_aGCL / _cGCL |
||
| 082 | 0 | 4 |
_a813.03 _bف ع |
| 100 | 1 | _aفوزى وهبة | |
| 245 | 1 | 0 |
_aعيون على الخط / _cفوزى وهبة |
| 260 |
_aالقاهرة : _bالهيئة المصرية العامة للكتاب |
||
| 300 |
_a120 ص ؛ _c18 سم |
||
| 650 | 0 | 4 | _aالادب العربى |
| 650 | 0 | 4 | _aالقصص العربية |
| 942 |
_2ddc _cBK |
||
| 999 |
_c7589 _d7589 |
||